000 01013nam a2200301 i 4500
003 EG-GICUC
005 20260121101156.0
008 251108s1943 sz d|||f |||| 000 0 eng d
040 _aEG-GiCUC
_beng
_cEG-GiCUC
_dEG-GiCUC
_erda
041 0 _aeng
082 0 4 _221
_a338.9
_bTR
092 0 4 _221
099 _aLaw1 13 338.9 TR 1943
245 0 4 _aThe Transition From War To Peace Economy :
_bReport Of The Delegation On Economic Depressions,
_nPart I \
_cLeague Of Nations
264 _aGeneva :
_bLeague Of Nations,
_c1943.
300 _a118 pages :
_billustrations, tables, and charts.
_c23 cm
336 _2rda content
_atext
337 _2rda media
_aComputer
338 _2rda carrier
_aOnline Resource
500 _aIncludes appendices.
546 _aText in English
650 1 _aPublic finance and tax legislation
_2qrmak
651 1 _2qrmak
710 _aLeague Of Nations, Geneva
856 4 0 _uhttps://fll.law.cu.edu.eg/fulltext/bks/B13-05619.pdf
905 _a70
942 _2ddc
_cBK
_e21
_n0
999 _c41728
_d41728